Ptáci : Ottův průvodce přírodou /

Main Author: Singer, Detlef
Language: Czech
Published: Praha : Ottovo nakladatelství, 2009
Series: Ottův průvodce přírodou
Subjects:
Online Access: Digitalizovaný dokument
Physical Description: 432 s. : il. (převážně barev.), mapy ; 20 cm
Book
Saved in:
LEADER 01614nam a2200469 a 4500
001 nkc20081833082
003 CZ PrNK
005 20090316164321.0
007 ta
008 081218s2009 xr ab e f 001 0 cze
015 |a cnb001833082 
020 |a 978-80-7360-186-7  |q (váz.) 
035 |a (OCoLC)316301601 
040 |a ABA001  |b cze 
041 1 |a cze  |h ger 
043 |a e------ 
072 7 |a 59  |x Zoologie  |2 Konspekt  |9 2 
080 |a 598.2  |2 MRF 
080 |a 591.9  |2 MRF 
080 |a (4)  |2 MRF 
080 |a (084.42)  |2 MRF 
100 1 |a Singer, Detlef  |7 jn20020723175  |4 aut 
245 1 0 |a Ptáci :  |b Ottův průvodce přírodou /  |c [Detlef Singer ; z německého originálu ... přeložila Alena Červená] 
246 3 |a Ottův průvodce přírodou - ptáci 
260 |a Praha :  |b Ottovo nakladatelství,  |c 2009 
300 |a 432 s. :  |b il. (převážně barev.), mapy ;  |c 20 cm 
490 1 |a Ottův průvodce přírodou 
500 |a Obsahuje rejstříky 
650 0 7 |a ptáci  |7 ph115956  |2 czenas 
650 0 7 |a fauna  |7 ph114529  |z Evropa  |2 czenas 
650 0 9 |a birds  |2 eczenas 
650 0 9 |a fauna  |z Europe  |2 eczenas 
655 7 |a atlasy  |7 fd131835  |2 czenas 
655 9 |a atlases  |2 eczenas 
765 0 |t Welcher Vogel ist das?  |9 Česky 
830 0 |a Ottův průvodce přírodou  |0 s 
856 4 1 |u http://www.digitalniknihovna.cz/mzk/uuid/uuid:79000100-cbb5-11e4-97af-005056827e51  |y Digitalizovaný dokument  |x NDK 
910 2 |a BOA001  |b 2-1216.740 
990 |a BK 
995 |a 01 
991 |b 200902  |c NOV 
996 6 |b 2610366844  |c 2-1216.740  |l MZK  |r Sklad / do 1 hodiny  |n 0  |p p.v.  |w 000927312  |u 000010  |a 1  |e BOA001  |j MZK50  |s P